Cargando...

Microbum manushyanum /

Detalles Bibliográficos
Autor Principal: Parameswaran, C. N.
Idioma:Undetermined
Publicado: Thrissur : Current Books , 2001.
Subjects:
LEADER 00480nam a2200145Ia 4500
001 138033
008 170722s9999 xx 000 0 und d
100 |a Parameswaran, C. N. 
245 |a Microbum manushyanum / 
260 |a Thrissur :  |b Current Books ,  |c 2001. 
300 |a 182 p. 
653 |a Microbiology 
942 |c GEN 
999 |c 123990  |d 123990 
952 |0 0  |1 0  |4 0  |6 G_91_000000000000000_32P1  |7 0  |9 175158  |a LIB  |b LIB  |d 2017-08-12  |l 1  |o G91 32P1  |p 243559  |r 2018-07-21  |s 2018-07-05  |v 90.00  |w 2017-08-12  |y GEN